000 00280nam a22001337a 4500
008 181101b xxu||||| |||| 00| 0 eng d
020 _a9780323024099
041 _aeng
080 _a615.5
100 _a7
101 _aDER
245 _aDematology
_cJean.L.B
942 _2udc
_cBK
999 _c51411
_d51411